000 00563 a2200169 4500
999 _c7600
_d7600
010 _aENG-88091
020 _c150.00
035 _aEN-71624
037 _bDBAD / PUB
082 1 4 _a650.0285
100 1 _aMohan, P.
245 1 _aInformation technology for business :
_bas per the syllabus of first year, B.com of Calicut University /
_cby P.Mohan
260 _aMumbai
_bHimalaya Publishing House
_c2006
270 _aRamdoot, Dr Bhalerao Marg, Girgaon,
_bMumbai
_e400 004
300 _a251 p.
_c24 cm (Pbk)
942 _adpl
_cEN
_2ddc
_h650.0285
_mMOH